Music Quiz

Random Music or Song Quiz

Song Titles Expressed In Legal Terms Quiz Stats

 Plays Quiz not verified by Sporcle

Score 0/32 Timer 10:00
0 Plays Today
'Legal' Song Title Actual Song Title % Correct
Perform forcible sexual intercourse upon my personRape Me
71.2%
I committed the infliction of a corporal injury to a peace officer using a firearmI Shot The Sheriff
69.9%
The depression caused as a result of being incarcerated in a particular facility in Northern CaliforniaFolsom Prison Blues
52.9%
Forcible sexual intercourse by a male acquaintance of a woman, during a voluntary social engagement in which the woman did not intend to submit to the sexual advancesDate Rape
51%
One who collects a governmental assessment upon property value, transactions, licenses granting a right, and/or incomeTaxman
51%
The rationale is based upon my being under the influence of a controlled substanceBecause I Got High
47.7%
The escape from a building designated or regularly used for the confinement of individualsJailbreak
47.1%
A court decree that terminates a marriageD-I-V-O-R-C-E
44.4%
I am incapable of operating a motor vehicle at a speed equal to or less than the speed limit imposed by US Congress in 1973I Can't Drive 55
43.8%
One who commits a slaying of a being and who is found guilt except for insanityPsycho Killer
37.9%
Commit an act of domestic violence on my female signifigant other whom I hold in low regardSmack My B**ch Up
35.3%
I have been spotted committing an act of larcenyBeen Caught Stealing
35.3%
An individual who has been found guilty of the commission of conduct that causes social harm and that is punishable by lawCriminal
35.3%
One who commits a homicide of a peace officerCop Killer
34%
The unjustified slaying of another human being using a method involving integersMurder By Numbers
33.3%
The flesh of an animal consumed as food constitutes unjustified homicideMeat Is Murder
32.7%
'Legal' Song Title Actual Song Title % Correct
A document in which a person specifies the method to be applied in the management and distribution of his/her estate after his/her death; drafted pro bonoFree Will
32%
Provide evidence, subject to an oath or affirmation, in order to establish a particular fact or set of factsTestify
31.4%
One who commits larceny of a financial institution by using force or intimidationBank Robber
26.1%
Voluntary sexual relations between an individual who is married and someone who is not the individual's spouseAdultery
26.1%
A sentence whereby a convict is released from confinement but is still under court supervisionProbation
23.5%
The act of supplying an individual, usually for a fee, another individual for sexual purposes, on a large scaleBig Pimpin'
22.9%
One who, being sworn or affirmed, deposes as to his/her knowledge of facts in issue between the parties in a causeWitness
21.6%
An intentional unpermitted act causing harmful or offensive contact with the person of anotherBattery
20.3%
A criminal complaint was filed alleging an unjustified slaying of another human beingMurder Was The Case
17.6%
The slaying of another human being based on ethnicity; particulary Middle EasternKilling An Arab
16.3%
Parcels of land upon which slayings of other beings occurKilling Fields
12.4%
A sentence of approximately one month of incarceration to be served in solitary confinementThirty Days In The Hole
11.8%
The depression caused as a result of transporting controlled substancesSmuggler's Blues
11.1%
A deep affection, prima facieLove At First Sight
10.5%
I attempted to assassinate the 40th President Of The United States using a firearm, causing corporal injuryI Shot Reagan
7.8%
A person who receives payment for sexual intercourse or other sexual acts, equipped with male genetaliaHooker With A Penis
7.2%

You're not logged in!

Compare scores with friends on all Sporcle quizzes.
OR
Log In

Show Comments

Extras

Top Quizzes Today


Score Distribution

Your Account Isn't Verified!

In order to create a playlist on Sporcle, you need to verify the email address you used during registration. Go to your Sporcle Settings to finish the process.

Report this User

Report this user for behavior that violates our Community Guidelines.

Details: